Algebraic geometry IV : Linear algebraic groups ; Invariant theory /
Guardado en:
| Otros Autores: | , |
|---|---|
| Formato: | Seriadas |
| Idioma: | English |
| Publicado: |
Berlin :
Springer-Verlag,
c1994.
|
| Series: | Encyclopaedia of mathematical sciences ;
55 |
| Etiquetas: |
Agregar Etiqueta
Sin Etiquetas, Sea el primero en etiquetar este registro!
|
| LEADER | 01133cas a22002297a 4500 | ||
|---|---|---|---|
| 001 | MAT.inmabb006374 | ||
| 008 | 880803s1994####gw#uu#m#######0####0eng#c | ||
| 005 | 20160318153410.0 | ||
| 245 | 1 | 0 | |a Algebraic geometry IV : |b Linear algebraic groups ; Invariant theory / |c A. N. Parshin, I. R. Shafarevich (eds.). |
| 260 | |a Berlin : |b Springer-Verlag, |c c1994. | ||
| 300 | |a 284p. : |b il. ; |c 24 cm. | ||
| 490 | 0 | |a Encyclopaedia of mathematical sciences ; |v 55 | |
| 500 | |a Title of the Russian edition: Itogi nauki i tekhniki, Sovremennye problemy matematiki, Fundamental'nye napravleniya, Vol. 55, Algebraicheskaya geometriya 4. Publisher VINITI, Moscow 1989. | ||
| 504 | |a Incluye referencias bibliográficas (p. 118-121 y p. 263-281) e índices. | ||
| 505 | 0 | |g I. |t Linear algebraic groups / |r T. A. Springer -- |g II. |t Invariant theory / |r V. L. Popov, E. B. Vinberg. | |
| 510 | 4 | |a MR, |c 91k:14001 | |
| 020 | |a 3540546820 | ||
| 700 | 1 | |a Parshin. A. N. |q (Aleksey Nikolaevich) |4 edt | |
| 700 | 1 | |a Shafarevich, I. R. |q (Igor Rostislavovich) |4 edt | |
| 246 | 1 | |a Algebraic Geometry 4 | |
| 084 | |a 14-06 (20-06) |2 MR | ||
| 859 | |h 14 |i Al394-4 |p A-7153 |b BIB. MATEMATICA | ||
